Every Manchester City Manager - Statistics

General Stats
  • This quiz has been taken 49 times
  • The average score is 10 of 51
Answer Stats
Years Manager % Correct
2016-Present Pep Guardiola
95%
2009-2013 Roberto Mancini
89%
2013-2016 Manuel Pellegrini
80%
2008-2009 Mark Hughes
66%
2001-2005 Kevin Keegan
59%
2005-2007 Stuart Pearce
55%
2007-2008 Sven-Goran Eriksson
52%
1995-1996 Alan Ball
41%
1998-2001 Joe Royle
36%
1971-1973 Malcolm Allison
36%
1979-1980 Malcolm Allison
36%
1990-1993 Peter Reid
36%
1965-1971 Joe Mercer
32%
2013 (c) Brian Kidd
25%
1973 (c) Tony Book
25%
1974-1979 Tony Book
25%
1980 (c) Tony Book
25%
1989 (c) Tony Book
25%
1993 (c) Tony Book
25%
1996 Steve Coppell
20%
1980-1983 John Bond
18%
1993-1995 Brian Horton
14%
1996-1998 Frank Clark
14%
1996 (c) Asa Hartford
11%
1989-1990 Howard Kendall
11%
1973 Johnny Hart
11%
1987-1989 Mel Machin
11%
1973-1974 Ron Saunders
11%
1983 John Benson
9%
1996 (c) Phil Neal
9%
1983-1986 Billy McNeill
5%
1986-1987 Jimmy Frizzell
5%
1926-1932 (c) Peter Hodge
5%
1880-1882 Frederick Hopkinson
2%
1963-1965 George Poyser
2%
1947-1950 Jock Thomson
2%
1889-1893 Lawrence Furniss
2%
1950-1963 Les McDowall
2%
1946-1947 Sam Cowan
2%
1902-1906 Tom Maley
2%
1887-1889 Walter Chew
2%
1932-1946 Wilf Wild
2%
1947 (c) Wilf Wild
2%
1925-1926 Albert Alexander
0%
1924-1925 David Ashworth
0%
1884-1887 Edward Kitchen
0%
1912-1924 Ernest Mangnall
0%
1906-1912 Harry Newbould
0%
1882-1884 Jack McGee
0%
1893-1895 Joshua Parlby
0%
1895-1902 Sam Omerod
0%
No matching quizzes found
Score Distribution
Percent of People with Each Score
Percentile by Number Answered
Your Score History
You have not taken this quiz